000 00918cam a2200361 4500500
005 20260329005034.0
041 _afre
042 _adc
100 1 0 _aLegros, Martin
_eauthor
245 0 0 _aLes trois âges de la guerre
260 _c2022.
500 _a19
690 _aAntiquité
690 _aAtomique
690 _aBataille
690 _aClastres
690 _aClaude Lévi-Strauss
690 _aClausewitz
690 _aConflit
690 _aÉtat
690 _aGuerre
690 _aGuerre civile
690 _aModernité
690 _aPaix
690 _aPlaton
690 _aRaymond Aron
690 _aRousseau
690 _aRussie
690 _aTraités
690 _aUkraine
786 0 _nPhilosophie magazine | 158 | 4 | 2022-04-01 | p. 29-32 | 1951-1787
856 4 1 _uhttps://shs.cairn.info/magazine-philosophie-magazine-2022-4-page-29?lang=fr&redirect-ssocas=7080
999 _c1839697
_d1839697